Privatización de los sistemas de pensiones y la inequidad de género en América latina /

En el artículo se menciona que el producto más evidente de la globalización es la exclusión de una inmensa mayoría de seres humanos en donde las mujeres son el sector más marginado, en un mundo de relaciones humanas dominado por hombres. Históricamente, las mujeres también han sido discriminadas en...

詳細記述

保存先:
書誌詳細
第一著者: González Marín, María Luisa
その他の著者: Rodríguez, Patricia
フォーマット: テキスト
主題:
タグ: タグ追加
タグなし, このレコードへの初めてのタグを付けませんか!

MARC

LEADER 00000 a a2200000 04500
001 40316
003
040
100 |a González Marín, María Luisa  
245 |a Privatización de los sistemas de pensiones y la inequidad de género en América latina /  |c María Luisa González Marín ; Patricia Rodríguez  
520 |a En el artículo se menciona que el producto más evidente de la globalización es la exclusión de una inmensa mayoría de seres humanos en donde las mujeres son el sector más marginado, en un mundo de relaciones humanas dominado por hombres. Históricamente, las mujeres también han sido discriminadas en el campo de los derechos humanos, que fueron concebidos desde sus inicios en clave masculina, siendo recientemente incorporada la perspectiva de género.  
590 |a RRA/ENERO2011  
650 |a 1.MUJERES  
650 |a 2.DERECHOS HUMANOS  
650 |a 3.GLOBALIZACION  
650 |a 4.PRIVATIZACION  
650 |a 5.DISCRIMINACION BASADA DE GENERO  
650 |a 6.EXCLUSION SOCIAL  
700 |a Rodríguez, Patricia  
773 |g páginas 189-211 : gráficos  
999 |c 32961  |d 32961